Cangaço: a Força do Coronel

Shranjeno v:
Bibliografske podrobnosti
Glavni avtor: Chiavedato, Júlio J.
Format: Knjiga
Jezik:Undetermined
Izdano: São Paulo, Brasil Brasiliense 1990
Teme:
Oznake: Označite
Brez oznak, prvi označite!

MARC

LEADER 00000nam a2200000Ia 4500
008 170316s9999 xx 000 0 und d
040 |a cru BVZT 
090 |a 869 CH-1c 
100 |a Chiavedato, Júlio J. 
245 |a Cangaço: a Força do Coronel 
260 |a São Paulo, Brasil 
260 |b Brasiliense 
260 |c 1990 
300 |a 129 páginas 
650 |a LITERATURA BRASILEÑA 
999 |c 11694  |d 11694 
942 |c 15 D  |h 869 CH-1c  |2 z